[Event "DEM U10w 2021"]
[Site "Willingen GER"]
[Date "2021.08.28"]
[Round "9"]
[White "Tu, Audrey"]
[Black "Fruth, Julia"]
[Result "1-0"]
[Termination "normal"]
[Board "11"]
[WhiteElo "913"]
[BlackElo "1007"]
[WhiteClock "00:05:58"]
[BlackClock "00:01:59"]
[PlyCount "59"]
[WhiteFideId "34628568"]
[BlackFideId "34603050"]
[EventCountry "GER"]
[EventRounds "11"]
[EventType "swiss"]
[EventDate "2021.08.22"]

1. e4 {[%clk 01:15:56]} {[%emt 00:00:03]} c5 {[%clk 01:15:51]} {[%emt
00:00:09]} 2. Nc3 {[%clk 01:16:20]} {[%emt 00:00:07]} a6 {[%clk 01:16:15]}
{[%emt 00:00:06]} 3. g3 {[%clk 01:16:30]} {[%emt 00:00:19]} b5 {[%clk
01:16:38]} {[%emt 00:00:08]} 4. Bg2 {[%clk 01:15:30]} {[%emt 00:01:29]} Bb7
{[%clk 01:17:01]} {[%emt 00:00:07]} 5. Nge2 {[%clk 01:13:52]} {[%emt 00:02:08]}
Nc6 {[%clk 01:14:11]} {[%emt 00:03:19]} 6. a3 {[%clk 01:12:20]} {[%emt
00:02:03]} Nf6 {[%clk 01:11:59]} {[%emt 00:02:42]} 7. d3 {[%clk 01:12:06]}
{[%emt 00:00:45]} e6 {[%clk 01:09:14]} {[%emt 00:03:15]} 8. O-O {[%clk
01:11:35]} {[%emt 00:01:01]} Be7 {[%clk 01:00:41]} {[%emt 00:09:02]} 9. Bd2
{[%clk 01:08:05]} {[%emt 00:04:00]} d5 {[%clk 01:00:03]} {[%emt 00:01:07]} 10.
exd5 {[%clk 01:04:18]} {[%emt 00:04:18]} exd5 {[%clk 00:59:32]} {[%emt
00:01:00]} 11. Bg5 {[%clk 01:00:11]} {[%emt 00:04:38]} d4 {[%clk 00:56:56]}
{[%emt 00:03:06]} 12. Bxf6 {[%clk 00:57:41]} {[%emt 00:02:59]} Bxf6 {[%clk
00:53:45]} {[%emt 00:03:41]} 13. Nd5 {[%clk 00:55:34]} {[%emt 00:02:38]} O-O
{[%clk 00:53:15]} {[%emt 00:00:57]} 14. Nef4 {[%clk 00:53:56]} {[%emt
00:02:11]} Qd6 {[%clk 00:47:58]} {[%emt 00:05:44]} 15. Nh5 {[%clk 00:49:47]}
{[%emt 00:04:42]} Bd8 {[%clk 00:42:40]} {[%emt 00:05:43]} 16. Qg4 {[%clk
00:45:35]} {[%emt 00:04:47]} Qh6 {[%clk 00:36:35]} {[%emt 00:06:33]} 17. Rfe1
{[%clk 00:35:41]} {[%emt 00:10:25]} Bc8 {[%clk 00:35:12]} {[%emt 00:01:53]} 18.
Qf3 {[%clk 00:30:30]} {[%emt 00:05:42]} Bb7 {[%clk 00:21:09]} {[%emt 00:14:24]}
19. Re2 {[%clk 00:26:06]} {[%emt 00:05:04]} b4 {[%clk 00:20:15]} {[%emt
00:01:21]} 20. Rae1 {[%clk 00:24:56]} {[%emt 00:01:42]} Ba5 {[%clk 00:19:02]}
{[%emt 00:01:40]} 21. Ne7+ {[%clk 00:20:10]} {[%emt 00:05:19]} Nxe7 {[%clk
00:15:54]} {[%emt 00:03:38]} 22. Qxb7 {[%clk 00:19:13]} {[%emt 00:01:28]} bxa3
{[%clk 00:15:32]} {[%emt 00:00:51]} 23. Qxe7 {[%clk 00:14:57]} {[%emt
00:04:46]} Bxe1 {[%clk 00:12:47]} {[%emt 00:03:15]} 24. Bxa8 {[%clk 00:14:30]}
{[%emt 00:00:57]} Bxf2+ {[%clk 00:10:37]} {[%emt 00:02:39]} 25. Kxf2 {[%clk
00:14:03]} {[%emt 00:00:58]} axb2 {[%clk 00:06:28]} {[%emt 00:04:37]} 26. Bc6
{[%clk 00:10:17]} {[%emt 00:04:19]} Qxc6 {[%clk 00:02:55]} {[%emt 00:04:01]}
27. Re1 {[%clk 00:07:58]} {[%emt 00:02:50]} Qe6 {[%clk 00:02:25]} {[%emt
00:00:58]} 28. Rxe6 {[%clk 00:06:13]} {[%emt 00:02:17]} fxe6+ {[%clk 00:02:24]}
{[%emt 00:00:30]} 29. Kg2 {[%clk 00:06:03]} {[%emt 00:00:41]} b1=Q {[%clk
00:01:59]} {[%emt 00:00:55]} 30. Qxg7# {[%clk 00:05:58]} {[%emt 00:00:34]} 1-0

[Event "DEM U10w 2021"]
[Site "Willingen GER"]
[Date "2021.08.28"]
[Round "9"]
[White "Wilke, Ronja"]
[Black "Marrufo, Adriana"]
[Result "1-0"]
[Termination "normal"]
[Board "12"]
[WhiteElo "823"]
[BlackElo "850"]
[WhiteClock "01:13:44"]
[BlackClock "00:51:27"]
[PlyCount "119"]
[WhiteFideId "16288378"]
[BlackFideId "34630252"]
[EventCountry "GER"]
[EventRounds "11"]
[EventType "swiss"]
[EventDate "2021.08.22"]

1. e4 {[%emt 00:00:04]} e5 {[%clk 01:15:43]} {[%emt 00:00:13]} 2. Nf3 {[%clk
01:16:24]} {[%emt 00:00:06]} Nc6 {[%clk 01:15:58]} {[%emt 00:00:14]} 3. d4
{[%clk 01:16:45]} {[%emt 00:00:09]} Bd6 {[%clk 01:13:57]} {[%emt 00:02:31]} 4.
dxe5 {[%clk 01:16:07]} {[%emt 00:01:06]} Bxe5 {[%clk 01:13:13]} {[%emt
00:01:16]} 5. Nxe5 {[%clk 01:16:17]} {[%emt 00:00:20]} Nxe5 {[%clk 01:12:41]}
{[%emt 00:01:02]} 6. Qd4 {[%clk 01:16:27]} {[%emt 00:00:20]} d6 {[%clk
01:12:16]} {[%emt 00:00:56]} 7. Bf4 {[%clk 01:15:45]} {[%emt 00:01:11]} Qe7
{[%clk 01:09:13]} {[%emt 00:03:34]} 8. Nd2 {[%clk 01:13:35]} {[%emt 00:02:39]}
Nc6 {[%clk 01:07:55]} {[%emt 00:01:48]} 9. Qxg7 {[%clk 01:13:24]} {[%emt
00:00:39]} Be6 {[%clk 01:07:16]} {[%emt 00:01:10]} 10. Qxh8 {[%clk 01:13:30]}
{[%emt 00:00:23]} O-O-O {[%clk 01:06:35]} {[%emt 00:01:12]} 11. Qxh7 {[%clk
01:12:47]} {[%emt 00:01:12]} Nf6 {[%clk 01:05:50]} {[%emt 00:01:17]} 12. Qh4
{[%clk 01:11:56]} {[%emt 00:01:22]} Nb4 {[%clk 01:04:27]} {[%emt 00:01:53]} 13.
Bd3 {[%clk 01:10:57]} {[%emt 00:01:27]} d5 {[%clk 01:02:07]} {[%emt 00:02:52]}
14. Bg5 {[%clk 01:10:50]} {[%emt 00:00:36]} Qd6 {[%clk 01:01:21]} {[%emt
00:01:16]} 15. Bxf6 {[%clk 01:10:15]} {[%emt 00:01:05]} Rg8 {[%clk 00:59:36]}
{[%emt 00:02:15]} 16. O-O {[%clk 01:09:51]} {[%emt 00:00:54]} dxe4 {[%clk
00:58:38]} {[%emt 00:01:29]} 17. Bxe4 {[%clk 01:09:23]} {[%emt 00:00:56]} Qxd2
{[%clk 00:57:52]} {[%emt 00:01:17]} 18. Bc3 {[%clk 01:09:34]} {[%emt 00:00:20]}
Qd6 {[%clk 00:57:26]} {[%emt 00:00:55]} 19. Bxb7+ {[%clk 01:09:15]} {[%emt
00:00:48]} Kb8 {[%emt 00:02:56]} 20. Bxb4 {[%clk 01:08:51]} {[%emt 00:00:45]}
Qd7 {[%clk 00:52:00]} {[%emt 00:03:40]} 21. Rfd1 {[%clk 01:08:16]} {[%emt
00:01:05]} Qb5 {[%clk 00:51:40]} {[%emt 00:00:51]} 22. Rd8+ {[%clk 01:07:38]}
{[%emt 00:01:07]} Rxd8 {[%clk 00:51:39]} {[%emt 00:00:30]} 23. Qxd8+ {[%clk
01:07:48]} {[%emt 00:00:19]} Kxb7 {[%clk 00:51:45]} {[%emt 00:00:25]} 24. Qd4
{[%clk 01:07:51]} {[%emt 00:00:28]} Qg5 {[%clk 00:50:47]} {[%emt 00:01:27]} 25.
Kf1 {[%clk 01:06:47]} {[%emt 00:01:35]} Qb5+ {[%clk 00:47:19]} {[%emt
00:03:58]} 26. Kg1 {[%clk 01:05:34]} {[%emt 00:01:42]} Qg5 {[%clk 00:47:10]}
{[%emt 00:00:40]} 27. h3 {[%clk 01:05:37]} {[%emt 00:00:27]} Bxh3 {[%clk
00:46:44]} {[%emt 00:00:29]} 28. Qe4+ {[%clk 01:05:54]} {[%emt 00:00:40]} c6
{[%clk 00:46:43]} {[%emt 00:00:32]} 29. Qe7+ {[%clk 01:06:06]} {[%emt
00:00:18]} Qxe7 {[%clk 00:46:23]} {[%emt 00:00:49]} 30. Bxe7 {[%clk 01:06:24]}
{[%emt 00:00:11]} Bf5 {[%clk 00:46:35]} {[%emt 00:00:19]} 31. c3 {[%clk
01:06:04]} {[%emt 00:00:50]} Kb6 {[%clk 00:46:42]} {[%emt 00:00:23]} 32. Re1
{[%clk 01:06:02]} {[%emt 00:00:32]} c5 {[%clk 00:46:47]} {[%emt 00:00:25]} 33.
Re5 {[%clk 01:06:18]} {[%emt 00:00:13]} Be6 {[%clk 00:46:43]} {[%emt 00:00:34]}
34. Bxc5+ {[%clk 01:06:17]} {[%emt 00:00:30]} Kc6 {[%clk 00:46:49]} {[%emt
00:00:25]} 35. a3 {[%clk 01:06:19]} {[%emt 00:00:29]} f6 {[%clk 00:46:58]}
{[%emt 00:00:19]} 36. Rxe6+ {[%clk 01:06:36]} {[%emt 00:00:13]} Kxc5 {[%clk
00:47:15]} {[%emt 00:00:14]} 37. Rxf6 {[%clk 01:06:57]} {[%emt 00:00:08]} a5
{[%clk 00:47:35]} {[%emt 00:00:12]} 38. Rf5+ {[%clk 01:07:14]} {[%emt
00:00:12]} Kb6 {[%clk 00:47:45]} {[%emt 00:00:21]} 39. Rxa5 {[%clk 01:07:36]}
{[%emt 00:00:07]} Kxa5 {[%clk 00:48:01]} {[%emt 00:00:14]} 40. Kh2 {[%clk
01:08:00]} {[%emt 00:00:06]} Ka4 {[%clk 00:48:20]} {[%emt 00:00:11]} 41. Kh3
{[%clk 01:08:13]} {[%emt 00:00:16]} Kb3 {[%clk 00:48:39]} {[%emt 00:00:12]} 42.
g4 {[%clk 01:08:35]} {[%emt 00:00:08]} Kxb2 {[%clk 00:48:57]} {[%emt 00:00:12]}
43. f4 {[%clk 01:08:53]} {[%emt 00:00:13]} Kxc3 {[%clk 00:49:18]} {[%emt
00:00:09]} 44. f5 {[%clk 01:09:10]} {[%emt 00:00:13]} Kd4 {[%clk 00:49:37]}
{[%emt 00:00:11]} 45. f6 {[%clk 01:09:26]} {[%emt 00:00:13]} Ke5 {[%clk
00:49:58]} {[%emt 00:00:09]} 46. f7 {[%clk 01:09:40]} {[%emt 00:00:16]} Ke6
{[%clk 00:50:16]} {[%emt 00:00:12]} 47. f8=Q {[%clk 01:09:59]} {[%emt
00:00:10]} Ke5 {[%clk 00:50:28]} {[%emt 00:02:20]} 48. Qf3 {[%clk 01:12:02]}
{[%emt 00:00:24]} Kd4 {[%clk 00:50:42]} {[%emt 00:00:16]} 49. Kg3 {[%clk
01:12:10]} {[%emt 00:00:23]} Ke5 {[%clk 00:50:57]} {[%emt 00:00:14]} 50. g5
{[%clk 01:12:10]} {[%emt 00:00:30]} Kd4 {[%clk 00:51:10]} {[%emt 00:00:17]} 51.
Kf4 {[%clk 01:12:24]} {[%emt 00:00:16]} Kc4 {[%clk 00:51:14]} {[%emt 00:00:26]}
52. Qe3 {[%clk 01:12:33]} {[%emt 00:00:22]} Kd5 {[%clk 00:51:11]} {[%emt
00:00:33]} 53. Qe4+ {[%clk 01:12:54]} {[%emt 00:00:09]} Kc5 {[%clk 00:51:22]}
{[%emt 00:00:19]} 54. g6 {[%clk 01:13:09]} {[%emt 00:00:15]} Kb5 {[%clk
00:51:34]} {[%emt 00:00:17]} 55. g7 {[%clk 01:13:33]} {[%emt 00:00:06]} Kc5
{[%clk 00:51:46]} {[%emt 00:00:19]} 56. g8=Q {[%emt 00:00:16]} Kb5 {[%emt
00:00:19]} 57. Qgd5+ {[%clk 01:13:17]} {[%emt 00:00:11]} Kb6 {[%clk 00:51:00]}
{[%emt 00:01:16]} 58. Qee6+ {[%clk 01:13:38]} {[%emt 00:00:09]} Kc7 {[%clk
00:51:17]} {[%emt 00:00:13]} 59. Qdd7+ {[%clk 01:13:52]} {[%emt 00:00:16]} Kb8
{[%clk 00:51:27]} {[%emt 00:00:20]} 60. Qee8# {[%clk 01:13:44]} {[%emt
00:00:06]} 1-0

[Event "DEM U10w 2021"]
[Site "Willingen GER"]
[Date "2021.08.28"]
[Round "9"]
[White "Amrhein, Yana"]
[Black "Mader, Theresa"]
[Result "0-1"]
[Termination "normal"]
[Board "13"]
[WhiteElo "735"]
[BlackElo "1078"]
[WhiteClock "01:11:11"]
[BlackClock "00:55:59"]
[PlyCount "48"]
[WhiteFideId "34638253"]
[BlackFideId "34605657"]
[EventCountry "GER"]
[EventRounds "11"]
[EventType "swiss"]
[EventDate "2021.08.22"]

1. Nf3 {[%emt 00:00:03]} d5 {[%emt 00:00:09]} 2. d3 {[%clk 01:15:38]} {[%emt
00:00:09]} Nc6 {[%clk 01:15:49]} {[%emt 00:00:11]} 3. g3 {[%clk 01:16:00]}
{[%emt 00:00:06]} e5 {[%clk 01:16:10]} {[%emt 00:00:10]} 4. Bg2 {[%clk
01:16:21]} {[%emt 00:00:09]} Nf6 {[%clk 01:16:26]} {[%emt 00:00:16]} 5. O-O
{[%clk 01:16:44]} {[%emt 00:00:07]} Bg4 {[%clk 01:16:43]} {[%emt 00:00:13]} 6.
Nbd2 {[%clk 01:16:41]} {[%emt 00:00:32]} Qd7 {[%clk 01:16:52]} {[%emt
00:00:22]} 7. b3 {[%clk 01:16:36]} {[%emt 00:00:35]} Bh3 {[%clk 01:16:56]}
{[%emt 00:00:26]} 8. Bb2 {[%clk 01:16:46]} {[%emt 00:00:20]} Bxg2 {[%clk
01:16:56]} {[%emt 00:00:28]} 9. Kxg2 {[%emt 00:00:11]} d4 {[%clk 01:16:59]}
{[%emt 00:00:23]} 10. Ne4 {[%clk 01:17:04]} {[%emt 00:00:37]} O-O-O {[%clk
01:15:07]} {[%emt 00:02:22]} 11. c4 {[%clk 01:16:21]} {[%emt 00:01:13]} h5
{[%clk 01:14:22]} {[%emt 00:01:16]} 12. h4 {[%clk 01:16:11]} {[%emt 00:00:36]}
Qg4 {[%clk 01:10:41]} {[%emt 00:04:14]} 13. Nxf6 {[%clk 01:16:00]} {[%emt
00:00:41]} gxf6 {[%clk 01:10:42]} {[%emt 00:00:30]} 14. Qd2 {[%clk 01:15:26]}
{[%emt 00:01:01]} Bh6 {[%clk 01:09:22]} {[%emt 00:01:52]} 15. e3 {[%clk
01:14:33]} {[%emt 00:01:21]} f5 {[%clk 01:07:20]} {[%emt 00:02:34]} 16. Nh2
{[%clk 01:13:52]} {[%emt 00:01:10]} Qg6 {[%clk 01:05:55]} {[%emt 00:01:56]} 17.
Qe2 {[%clk 01:13:36]} {[%emt 00:00:43]} f4 {[%clk 01:03:23]} {[%emt 00:03:05]}
18. Kf3 {[%clk 01:13:18]} {[%emt 00:00:46]} fxe3 {[%clk 01:00:04]} {[%emt
00:03:51]} 19. fxe3 {[%clk 01:13:33]} {[%emt 00:00:14]} Rhg8 {[%clk 00:58:23]}
{[%emt 00:02:12]} 20. exd4 {[%clk 01:13:29]} {[%emt 00:00:32]} exd4 {[%clk
00:57:24]} {[%emt 00:01:32]} 21. Rg1 {[%clk 01:13:09]} {[%emt 00:00:45]} Rde8
{[%clk 00:56:26]} {[%emt 00:01:31]} 22. Qf2 {[%clk 01:12:23]} {[%emt 00:01:06]}
Be3 {[%clk 00:56:15]} {[%emt 00:00:52]} 23. Qg2 {[%clk 01:10:57]} {[%emt
00:01:53]} Bxg1 {[%clk 00:56:01]} {[%emt 00:00:47]} 24. Rxg1 {[%clk 01:11:11]}
{[%emt 00:00:14]} Qf6# {[%clk 00:55:59]} {[%emt 00:00:32]} 0-1

[Event "DEM U10w 2021"]
[Site "Willingen GER"]
[Date "2021.08.28"]
[Round "9"]
[White "Wartenberg, Adelia"]
[Black "Glotz, Katharina"]
[Result "0-1"]
[Termination "normal"]
[Board "14"]
[WhiteElo "791"]
[BlackElo "1081"]
[WhiteClock "01:02:26"]
[BlackClock "00:42:37"]
[PlyCount "72"]
[WhiteFideId "34601830"]
[BlackFideId "34631011"]
[EventCountry "GER"]
[EventRounds "11"]
[EventType "swiss"]
[EventDate "2021.08.22"]

1. e4 {[%clk 01:15:59]} {[%emt 00:00:01]} c5 {[%clk 01:15:51]} {[%emt
00:00:09]} 2. d4 {[%clk 01:16:22]} {[%emt 00:00:07]} Nf6 {[%clk 01:09:25]}
{[%emt 00:06:56]} 3. e5 {[%clk 01:16:26]} {[%emt 00:00:26]} Qa5+ {[%clk
01:00:29]} {[%emt 00:09:26]} 4. Nc3 {[%clk 01:16:39]} {[%emt 00:00:14]} Nd5
{[%clk 01:00:35]} {[%emt 00:00:27]} 5. Bd2 {[%clk 01:15:56]} {[%emt 00:01:11]}
cxd4 {[%clk 00:59:19]} {[%emt 00:01:47]} 6. Nxd5 {[%clk 01:15:44]} {[%emt
00:00:41]} Qxd5 {[%clk 00:59:19]} {[%emt 00:00:31]} 7. Bb4 {[%clk 01:15:45]}
{[%emt 00:00:29]} Qxe5+ {[%clk 00:57:56]} {[%emt 00:01:51]} 8. Ne2 {[%clk
01:14:45]} {[%emt 00:01:31]} Nc6 {[%clk 00:57:56]} {[%emt 00:00:31]} 9. f4
{[%clk 01:14:07]} {[%emt 00:01:08]} Qd5 {[%clk 00:53:24]} {[%emt 00:05:01]} 10.
Ba3 {[%clk 01:14:09]} {[%emt 00:00:28]} g6 {[%clk 00:52:15]} {[%emt 00:01:39]}
11. Ng3 {[%clk 01:13:29]} {[%emt 00:01:08]} Qa5+ {[%clk 00:50:57]} {[%emt
00:01:50]} 12. b4 {[%clk 01:13:41]} {[%emt 00:00:19]} Qxa3 {[%clk 00:49:17]}
{[%emt 00:02:09]} 13. b5 {[%clk 01:13:16]} {[%emt 00:00:56]} Qc3+ {[%clk
00:47:39]} {[%emt 00:02:09]} 14. Qd2 {[%clk 01:12:42]} {[%emt 00:01:04]} Qxa1+
{[%clk 00:47:29]} {[%emt 00:00:40]} 15. Qd1 {[%clk 01:12:49]} {[%emt 00:00:21]}
Qc3+ {[%clk 00:47:42]} {[%emt 00:00:18]} 16. Qd2 {[%clk 01:13:09]} {[%emt
00:00:09]} Qxd2+ {[%clk 00:46:55]} {[%emt 00:01:18]} 17. Kxd2 {[%clk 01:13:25]}
{[%emt 00:00:13]} Bg7 {[%clk 00:47:11]} {[%emt 00:00:15]} 18. bxc6 {[%clk
01:13:28]} {[%emt 00:00:28]} dxc6 {[%clk 00:47:20]} {[%emt 00:00:21]} 19. Bc4
{[%clk 01:13:21]} {[%emt 00:00:37]} O-O {[%clk 00:46:30]} {[%emt 00:01:00]} 20.
Rf1 {[%clk 01:11:35]} {[%emt 00:02:34]} b5 {[%clk 00:46:38]} {[%emt 00:00:23]}
21. Bb3 {[%clk 01:11:15]} {[%emt 00:00:51]} e6 {[%clk 00:46:20]} {[%emt
00:00:48]} 22. h4 {[%clk 01:06:43]} {[%emt 00:05:01]} h5 {[%clk 00:46:21]}
{[%emt 00:00:28]} 23. Re1 {[%clk 01:06:47]} {[%emt 00:00:24]} a5 {[%clk
00:46:33]} {[%emt 00:00:21]} 24. c3 {[%clk 01:06:47]} {[%emt 00:00:28]} Rd8
{[%clk 00:44:59]} {[%emt 00:02:03]} 25. Bd1 {[%clk 01:06:46]} {[%emt 00:00:32]}
b4 {[%clk 00:43:47]} {[%emt 00:01:44]} 26. Bxh5 {[%clk 01:06:32]} {[%emt
00:00:44]} dxc3+ {[%clk 00:43:53]} {[%emt 00:00:23]} 27. Kc2 {[%clk 01:06:29]}
{[%emt 00:00:33]} Rd2+ {[%clk 00:43:57]} {[%emt 00:00:25]} 28. Kc1 {[%clk
01:06:04]} {[%emt 00:00:51]} gxh5 {[%clk 00:43:53]} {[%emt 00:00:38]} 29. Nxh5
{[%clk 01:05:12]} {[%emt 00:00:14]} Rxa2 {[%clk 00:44:07]} {[%emt 00:01:25]}
30. Re3 {[%clk 01:04:17]} {[%emt 00:01:24]} Rxg2 {[%clk 00:43:47]} {[%emt
00:00:50]} 31. Rd3 {[%emt 00:00:59]} Ba6 {[%clk 00:42:49]} {[%emt 00:01:02]}
32. f5 {[%clk 01:03:02]} {[%emt 00:01:43]} Bh6+ {[%clk 00:42:46]} {[%emt
00:00:32]} 33. Kd1 {[%clk 01:02:43]} {[%emt 00:00:50]} c2+ {[%clk 00:43:04]}
{[%emt 00:00:12]} 34. Ke1 {[%clk 01:02:22]} {[%emt 00:00:50]} c1=Q+ {[%emt
00:00:12]} 35. Rd1 {[%emt 00:00:39]} Qc3+ {[%clk 00:42:19]} {[%emt 00:00:25]}
36. Rd2 {[%clk 01:02:26]} {[%emt 00:00:26]} Qxd2# {[%clk 00:42:37]} {[%emt
00:00:13]} 0-1

[Event "DEM U10w 2021"]
[Site "Willingen GER"]
[Date "2021.08.28"]
[Round "9"]
[White "Müller, Ariana"]
[Black "Bacakova, Klara"]
[Result "0-1"]
[Termination "normal"]
[Board "15"]
[WhiteElo "1006"]
[BlackElo "955"]
[WhiteClock "00:36:24"]
[BlackClock "00:27:22"]
[PlyCount "84"]
[WhiteFideId "34615024"]
[BlackFideId "34605762"]
[EventCountry "GER"]
[EventRounds "11"]
[EventType "swiss"]
[EventDate "2021.08.22"]

1. e4 {[%clk 01:15:58]} {[%emt 00:00:02]} c5 {[%clk 01:15:54]} {[%emt
00:00:07]} 2. Nf3 {[%clk 01:16:20]} {[%emt 00:00:08]} e6 {[%clk 01:16:02]}
{[%emt 00:00:22]} 3. d4 {[%clk 01:16:33]} {[%emt 00:00:16]} cxd4 {[%clk
01:16:22]} {[%emt 00:00:09]} 4. Nxd4 {[%clk 01:16:58]} {[%emt 00:00:07]} Nf6
{[%clk 01:16:45]} {[%emt 00:00:06]} 5. Bd3 {[%clk 01:17:20]} {[%emt 00:00:10]}
a6 {[%clk 01:14:18]} {[%emt 00:02:56]} 6. O-O {[%clk 01:17:32]} {[%emt
00:00:18]} d6 {[%clk 01:11:47]} {[%emt 00:03:00]} 7. Qe2 {[%clk 01:16:03]}
{[%emt 00:01:58]} Be7 {[%clk 01:09:58]} {[%emt 00:02:17]} 8. f4 {[%clk
01:14:56]} {[%emt 00:01:39]} O-O {[%clk 01:04:10]} {[%emt 00:06:18]} 9. Nc3
{[%clk 01:14:45]} {[%emt 00:00:43]} Nc6 {[%clk 01:02:23]} {[%emt 00:03:07]} 10.
Nb3 {[%clk 01:14:51]} {[%emt 00:00:31]} b5 {[%clk 01:01:29]} {[%emt 00:01:27]}
11. a3 {[%clk 01:13:57]} {[%emt 00:01:23]} Bb7 {[%clk 00:58:15]} {[%emt
00:03:45]} 12. Bd2 {[%clk 01:13:01]} {[%emt 00:01:15]} Rc8 {[%clk 00:51:24]}
{[%emt 00:07:31]} 13. Rae1 {[%clk 01:11:47]} {[%emt 00:01:45]} Qb6+ {[%clk
00:50:38]} {[%emt 00:01:16]} 14. Kh1 {[%clk 01:10:37]} {[%emt 00:01:39]} Rfd8
{[%clk 00:44:12]} {[%emt 00:06:56]} 15. e5 {[%clk 01:09:01]} {[%emt 00:02:05]}
Nd7 {[%clk 00:40:01]} {[%emt 00:04:42]} 16. Be3 {[%clk 01:00:56]} {[%emt
00:08:35]} Qc7 {[%clk 00:38:40]} {[%emt 00:01:49]} 17. Bd4 {[%clk 01:00:32]}
{[%emt 00:00:55]} Nxd4 {[%clk 00:38:10]} {[%emt 00:01:00]} 18. Nxd4 {[%clk
01:00:36]} {[%emt 00:00:25]} Nc5 {[%clk 00:30:51]} {[%emt 00:07:50]} 19. f5
{[%clk 00:50:58]} {[%emt 00:10:08]} Nxd3 {[%clk 00:29:07]} {[%emt 00:02:14]}
20. Qxd3 {[%clk 00:49:36]} {[%emt 00:01:48]} dxe5 {[%clk 00:28:25]} {[%emt
00:01:14]} 21. Nf3 {[%clk 00:48:28]} {[%emt 00:01:38]} Rxd3 {[%clk 00:27:55]}
{[%emt 00:01:01]} 22. cxd3 {[%clk 00:47:20]} {[%emt 00:01:38]} Bxf3 {[%clk
00:27:44]} {[%emt 00:00:41]} 23. Rxf3 {[%clk 00:47:27]} {[%emt 00:00:22]} exf5
{[%clk 00:27:05]} {[%emt 00:01:11]} 24. Rxf5 {[%clk 00:45:09]} {[%emt
00:02:47]} f6 {[%clk 00:25:35]} {[%emt 00:02:01]} 25. h3 {[%clk 00:44:30]}
{[%emt 00:01:07]} b4 {[%clk 00:25:38]} {[%emt 00:00:27]} 26. Nd5 {[%clk
00:43:50]} {[%emt 00:01:10]} Qd7 {[%clk 00:25:24]} {[%emt 00:00:44]} 27. Nb6
{[%clk 00:42:18]} {[%emt 00:02:03]} Qxf5 {[%clk 00:25:27]} {[%emt 00:00:25]}
28. Nxc8 {[%clk 00:42:26]} {[%emt 00:00:24]} Qxc8 {[%clk 00:25:44]} {[%emt
00:00:13]} 29. Re4 {[%clk 00:39:51]} {[%emt 00:03:02]} Qc1+ {[%clk 00:25:35]}
{[%emt 00:00:41]} 30. Kh2 {[%clk 00:40:07]} {[%emt 00:00:13]} Qxb2 {[%clk
00:25:55]} {[%emt 00:00:11]} 31. axb4 {[%clk 00:39:37]} {[%emt 00:01:01]} Qxb4
{[%clk 00:25:06]} {[%emt 00:01:17]} 32. Rxb4 {[%clk 00:34:43]} {[%emt
00:05:25]} Bxb4 {[%clk 00:25:15]} {[%emt 00:00:21]} 33. Kg3 {[%clk 00:35:05]}
{[%emt 00:00:07]} a5 {[%clk 00:25:34]} {[%emt 00:00:13]} 34. Kf3 {[%clk
00:35:25]} {[%emt 00:00:09]} a4 {[%clk 00:25:59]} {[%emt 00:00:05]} 35. Ke4
{[%clk 00:35:25]} {[%emt 00:00:29]} a3 {[%clk 00:26:23]} {[%emt 00:00:07]} 36.
Kd5 {[%clk 00:35:42]} {[%emt 00:00:13]} a2 {[%clk 00:26:40]} {[%emt 00:00:13]}
37. Kc4 {[%clk 00:35:50]} {[%emt 00:00:19]} a1=Q {[%clk 00:26:53]} {[%emt
00:00:21]} 38. Kxb4 {[%clk 00:36:00]} {[%emt 00:00:19]} Qc1 {[%clk 00:27:08]}
{[%emt 00:00:14]} 39. g3 {[%clk 00:35:52]} {[%emt 00:00:39]} Qc2 {[%clk
00:26:19]} {[%emt 00:00:13]} 40. g4 {[%clk 00:36:02]} {[%emt 00:01:26]} Qxd3
{[%clk 00:26:40]} {[%emt 00:00:09]} 41. Kc5 {[%clk 00:36:17]} {[%emt 00:00:14]}
Qd4+ {[%clk 00:27:01]} {[%emt 00:00:10]} 42. Kc6 {[%clk 00:36:24]} {[%emt
00:00:22]} Kf7 {[%clk 00:27:22]} {[%emt 00:00:09]} 0-1